000 01026nam a22003497a 4500
001 BR7001015
003 BR-BrBNA
005 20230928083631.0
007 ta
008 230509b bl.||||| |||| 00| 0 por d
040 _aBR-BrBNA
_bpor
_cBiblioteca Nacional de Agricultura
041 _a(Por)
072 _aF24; F23; F26
_b/G514
090 _ F24 BR7001015
100 1 _aDantas, H. da S.
110 1 _aInstituto de Pesquisas e Experimentacao Agropecuarias do Nordeste, Recife, PE (Brasil)
245 1 _aDiagnostico pedologico em Pernambuco. 2 - Zona do Sertao [Brasil]
260 3 _aRecife, PE (Brasil):
_c1970.
300 _a79 p.
500 _a10 tables; 21 ref.; 4 Maps, scale 1:2.000,000
650 _aSOLO
650 _aRECONHECIMENTO DO SOLO
650 _aPERFIL DO SOLO
650 _aHORIZONTE
650 _aANALISE QUIMICA
650 _aFERTILIDADE DO SOLO
650 _aAPTIDAO AGRICOLA
650 _aSERTAO
650 _aPERNAMBUCO
909 _a202309
_bLucia
_c55
_dLucia Elande
942 _cBK
999 _c14561
_d14561